Jewish philosophy and western culture (Record no. 14672)
[ view plain ]
| 000 -LEADER | |
|---|---|
| fixed length control field | 01196nam a2200313 a 4500 |
| 100 1# - MAIN ENTRY--AUTHOR NAME | |
| Personal name | Seidler, Victor J., |
| 245 10 - TITLE STATEMENT | |
| Title | Jewish philosophy and western culture |
| 260 ## - PUBLICATION, DISTRIBUTION, ETC. (IMPRINT) | |
| Place of publication | London : |
| Name of publisher | I.B. Tauris, |
| Year of publication | 2007. |
| 300 ## - PHYSICAL DESCRIPTION | |
| Number of Pages | xv, 237 p. |
| 650 #0 - SUBJECT ADDED ENTRY--TOPICAL TERM | |
| Topical Term | Jewish philosophy. |
| Topical Term | Christian civilization. |
| Topical Term | Platonists. |
| Topical Term | Ethics, Comparative. |
| 856 40 - ELECTRONIC LOCATION AND ACCESS | |
| Uniform Resource Identifier | http://site.ebrary.com/lib/rucke/Doc?id=10254909 |
No items available.
